Film Titles - Fill In The Missing Words - Statistics

General Stats
  • This quiz has been taken 76 times
  • The average score is 10 of 15
Answer Stats
Hint Answer % Correct
Wolf Of ____ Street Wall
95%
Ferris Bueller's ___ Off Day
93%
It's A Mad Mad Mad Mad ____ World
93%
A Tale Of ___ Cities Two
91%
___ Of Endearment Terms
88%
Cool ____ Luke Hand
81%
A _____ Named Desire Streetcar
79%
Yankee Doodle ____ Dandy
74%
Whatever ______ To Baby Jane Happened
72%
Victor/____ Victoria
72%
Priscilla ____ Of The Desert Queen
64%
______ Burning Mississippi
47%
___ On Camping Carry
29%
Death ___ 2000 Race
29%
The _____ Adventure Poseidon
16%
No matching quizzes found
Score Distribution
Percent of People with Each Score
Percentile by Number Answered
Your Score History
You have not taken this quiz